zpět

Detail výsledku týmu

Eden, Heřmanův Městec

Datum a čas kvízu

22 Celkem bodů Celkový počet nahraných bodů na tomto kvízu bez doplňovacích otázek.
7. Pořadí na kvízu Konečné umístění týmu na tomto kvízu.

Zaznamenané odpovědi

# Otázka Odpověď Body Výsledky
1. V Olomouci se objevil případ m... na sušáku na prádlo (na klepači na koberce) 1
2. Který významný den jsme mohli... B 0
3. Herecká asociace oznámila jmén... Dana Syslová 1
4. Kim Kardashian minulý týden př... Jsou chlupaté. 0
5. Při pokračování kvalifikace fo... D) krysa 1
6. Napište jméno pouště na obrázk... Namib (Namibská poušť) 0
7. Uveďte, kterým čtyřpísmenným p... vádí 0
8. Vyberte, se kterým živočichem... B 1
9. Vojáci Československého pěšího... Tobruk 1
10. Který spisovatel je autorem vě... Frank Herbert 0